Central Library OPAC University of Rajshahi
Normal view MARC view

Entry Personal Name

Number of records used in: 1

001 - CONTROL NUMBER

  • control field: 2485

003 - CONTROL NUMBER IDENTIFIER

  • control field: BD-RjUL

005 - DATE AND TIME OF LATEST TRANSACTION

  • control field: 20220417122721.0

008 - FIXED-LENGTH DATA ELEMENTS

  • fixed length control field: 220417|| aca||aabn | a|a d

040 ## - CATALOGING SOURCE

  • Original cataloging agency: BD-RjUL
  • Transcribing agency: BD-RjUL

100 ## - HEADING--PERSONAL NAME

  • Personal name: লক্ষৌভী, আব্দুল হাই
  • Dates associated with a name: ১৮৪৮ - ১৮৮৭ খ্রী.
  • General subdivision: জীবনী

670 ## - SOURCE DATA FOUND

  • Source citation: Work cat.: (BD-RjUL)79701: হানিফা, মো. আবু 2480, ইসলামী আইন শাস্ত্রে 'আব্দুল হাই লক্ষৌভী (র) এর অবদান /, ২০১০